LEADER 01153nam0-22003611i-450- 001 990003019340403321 005 20120828115735.0 010 $a88-204-6792-5 035 $a000301934 035 $aFED01000301934 035 $a(Aleph)000301934FED01 035 $a000301934 100 $a20030910d1991----km-y0itay50------ba 101 0 $aita 102 $aIT 200 1 $aBilancio pubblico e risparmio privato$fa cura di Tullio Jappelli. 210 $aMilano$cFranco Angeli$d1991. 215 $a295 p.$d22 cm 225 1 $aStruttura ed evoluzione dell'Economia Italiana. Progetto finalizzato Cnr. Sottoprogetto III Strategie e tecniche di intervento$v5 676 $aL/1.22 676 $aN/2.13 676 $aN/2.35 702 1$aJappelli,$bTullio 712 02$aConsiglio nazionale delle ricerche.$bProgetto finalizzato Struttura ed evoluzione dell'economia italiana 801 0$aIT$bUNINA$gRICA$2UNIMARC 901 $aBK 912 $a990003019340403321 952 $aISVE H6.10$fDECTS 952 $aL/1.22 JAP/N.A.$b9957$fSES 959 $aDECTS 959 $aSES 996 $aBilancio pubblico e risparmio privato$956009 997 $aUNINA LEADER 00864nam0-22003131i-450- 001 990002570590403321 035 $a000257059 035 $aFED01000257059 035 $a(Aleph)000257059FED01 035 $a000257059 100 $a20000920d1965----km-y0itay50------ba 101 0 $aENG 200 1 $a<>brief survey of modern algebra$fGarrett Birkhoff, Saunders Mac Lane. 205 $a2.ed. 210 $aNew York$cMacMillan$d1965. 215 $avii, 279 p.$d24 cm 610 0 $aInsiemi 610 0 $aStrutture algebriche 676 $a516 700 1$aBirkhoff,$bGarrett$f<1911-1996>$013068 702 1$aMac Lane,$bSaunders 801 0$aIT$bUNINA$gRICA$2UNIMARC 901 $aBK 912 $a990002570590403321 952 $aMXXV-A-61$b419$fMAS 959 $aMAS 996 $aBrief survey of modern algebra$9436402 997 $aUNINA DB $aING01 LEADER 00806nam0-22003011i-450- 001 990006482870403321 005 20001010 035 $a000648287 035 $aFED01000648287 035 $a(Aleph)000648287FED01 035 $a000648287 100 $a20001010d--------km-y0itay50------ba 101 0 $aita 105 $ay-------001yy 200 1 $aAfrica$fH.R. Jarrett 210 $aPlaymouth$cMacdonald and Evans$d1974. 215 $aXXII, 610 p.$d22 cm 225 1 $a<>New Certificate Geography Series. Advanced Level$v 676 $a916 700 1$aJarrett,$bHarold Reginald$0243741 801 0$aIT$bUNINA$gRICA$2UNIMARC 901 $aBK 912 $a990006482870403321 952 $aXIV E 668$b10605$fFSPBC 959 $aFSPBC 996 $aAfrica$9652764 997 $aUNINA DB $aGEN01